MDQL
is popping MORE tags! Check the
thread
!
Quizzes
Events
Quiz Creation
Community
Videos
Private Events
Remove Ads
Sign In
Join for FREE
Feedback
Dark Mode
Quiz Categories
Sports
Geography
Music
Movies
Television
Just For Fun
Miscellaneous
History
Literature
Language
Science
Gaming
Entertainment
Religion
Holiday
For Kids
Quiz Lab
Recent
Popular Today
Quiz Kudos Today
Editor Picks
Curator Picks
Quizzes by...
Day
Popularity
Type
Ratings
Length
Year
Community
Subscriptions
Recent Discussions
Orange Saloon
Badges
Playlists
Quests
Create
Leaderboards
Showdown
Live 5
Trivia Bingo
Activity
Puzzle Library
Sporcle Events
Private Events
Virtual Trivia
Globe League
Become a Host
Pub Owners
SporcleCon
Opinionation
Our Games
Videos
Blog
Mobile Apps
Partnerships
Remove Ads and Go Orange
Feedback
Sports
Athletes
MLB
NBA
NHL
NFL
Soccer
Sports Teams
WWE
NCAA
Football
Premier League
Basketball
Baseball
Hockey
Golf
Tennis
Cricket
Rugby
Auto Racing
Olympics
World Cup
Sports
Athletes
MLB
NBA
NHL
NFL
Soccer
Sports Teams
WWE
NCAA
Football
Premier League
Basketball
Baseball
Hockey
Golf
Tennis
Cricket
Rugby
Auto Racing
Olympics
World Cup
Random Quiz
Search Sporcle
×
Quiz Lab
Quiz Lab
Sports
Basketball
Type in answers that appear in a list
Type in answers that appear in a list
Classic
Best Score? Go Orange.
NBA All-Stars Full Rosters 1965-1972 Stats
Can you name the NBA All-Stars Full Rosters 1965-1972?
By
ambient2010
12m
188 Questions
242 Plays
242 Plays
242 Plays
Comments
Comments
Give Quiz Kudos
Give Quiz Kudos
-
- Ratings
hide this ad
More Info
Replay
Link that replays current quiz
Next Quiz
Link to next quiz in quiz playlist
You Got
0%
They Got
Avg Score
64%
Avg Friend Score
Upgrade to see
Score Distribution
Jump to the score distribution portion of the page
Score
0/188
Timer
12:00
0
Plays Today
% Correct
Wilt Chamberlain
98.8%
Wilt Chamberlain
98.8%
Wilt Chamberlain
98.8%
Wilt Chamberlain
98.8%
Wilt Chamberlain
98.8%
Wilt Chamberlain
98.8%
Wilt Chamberlain
98.8%
Oscar Robertson
96.7%
Oscar Robertson
96.7%
Oscar Robertson
96.7%
Oscar Robertson
96.7%
Oscar Robertson
96.7%
Oscar Robertson
96.7%
Oscar Robertson
96.7%
Oscar Robertson
96.7%
John Havlicek
96.3%
Jerry West
96.3%
Cazzie Russell
96.3%
John Havlicek
96.3%
Jerry West
96.3%
John Havlicek
96.3%
Jerry West
96.3%
John Havlicek
96.3%
Bill Russell
96.3%
John Havlicek
96.3%
Bill Russell
96.3%
Jerry West
96.3%
John Havlicek
96.3%
Bill Russell
96.3%
Jerry West
96.3%
John Havlicek
96.3%
Bill Russell
96.3%
Jerry West
96.3%
Bill Russell
96.3%
Jerry West
96.3%
Kareem Abdul Jabbar
95%
Kareem Abdul Jabbar
95%
Kareem Abdul Jabbar
95%
Walt Frazier
93%
Walt Frazier
93%
Walt Frazier
93%
Elgin Baylor
93%
Elgin Baylor
93%
Elgin Baylor
93%
Elgin Baylor
93%
Elgin Baylor
93%
Willis Reed
91.3%
Willis Reed
91.3%
Willis Reed
91.3%
Willis Reed
91.3%
Willis Reed
91.3%
Willis Reed
91.3%
Willis Reed
91.3%
Wes Unseld
86.8%
Wes Unseld
86.8%
Wes Unseld
86.8%
Elvin Hayes
85.1%
Elvin Hayes
85.1%
Elvin Hayes
85.1%
Elvin Hayes
85.1%
Sam Jones
84.7%
Sam Jones
84.7%
Sam Jones
84.7%
% Correct
Dave Cowens
81.8%
Earl Monroe
81.4%
Earl Monroe
81.4%
Rick Barry
81.4%
Rick Barry
81.4%
Dave Bing
80.2%
Dave Bing
80.2%
Dave Bing
80.2%
Gail Goodrich
76.4%
Gail Goodrich
76.4%
Billy Cunningham
75.6%
Billy Cunningham
75.6%
Billy Cunningham
75.6%
Billy Cunningham
75.6%
John Johnson
75.2%
Bob Lanier
75.2%
John Johnson
75.2%
Gus Johnson
75.2%
Gus Johnson
75.2%
Gus Johnson
75.2%
Gus Johnson
75.2%
Gus Johnson
75.2%
Dave Debusschere
74.4%
Dave Debusschere
74.4%
Dave Debusschere
74.4%
Dave Debusschere
74.4%
Dave Debusschere
74.4%
Dave Debusschere
74.4%
Bob Pettit
73.6%
Jerry Lucas
73.1%
Jerry Lucas
73.1%
Jerry Lucas
73.1%
Jerry Lucas
73.1%
Jerry Lucas
73.1%
Jerry Lucas
73.1%
Jo Jo White
71.5%
Jo Jo White
71.5%
Nate Thurmond
71.1%
Nate Thurmond
71.1%
Nate Thurmond
71.1%
Hal Greer
70.2%
Hal Greer
70.2%
Hal Greer
70.2%
Hal Greer
70.2%
Hal Greer
70.2%
Hal Greer
70.2%
Bob Love
69.8%
Bob Love
69.8%
Lenny Wilkens
67.4%
Lenny Wilkens
67.4%
Lenny Wilkens
67.4%
Lenny Wilkens
67.4%
Lenny Wilkens
67.4%
Lenny Wilkens
67.4%
Adrian Smith
64%
Walt Bellamy
59.5%
Jerry Sloan
58.3%
Jerry Sloan
58.3%
Lou Hudson
57%
Lou Hudson
57%
Lou Hudson
57%
Lou Hudson
57%
Connie Hawkins
56.6%
% Correct
Connie Hawkins
56.6%
Connie Hawkins
56.6%
Spencer Haywood
54.5%
Lucious Jackson
52.9%
Chet Walker
45.9%
Chet Walker
45.9%
Chet Walker
45.9%
Chet Walker
45.9%
Jimmy Walker
45.5%
Jimmy Walker
45.5%
Tom Van Arsdale
39.7%
Tom Van Arsdale
39.7%
Dick Van Arsdale
39.7%
Tom Van Arsdale
39.7%
Dick Van Arsdale
39.7%
Dick Van Arsdale
39.7%
Sidney Wicks
38.8%
Paul Silas
37.2%
Geoff Petrie
35.5%
Flynn Robinson
32.6%
Bailey Howell
32.2%
Bailey Howell
32.2%
Johnny Green
31.4%
John Green
31.4%
Dick Barnett
29.3%
Guy Rodgers
25.2%
Guy Rodgers
25.2%
Archie Clark
24.4%
Archie Clark
24.4%
Jeff Mullins
20.7%
Jeff Mullins
20.7%
Jon McGlocklin
20.7%
Jeff Mullins
20.7%
Bob Boozer
19.8%
Jack Marin
19.4%
Bob Rule
18.2%
Jim King
18.2%
Bill Bridges
17.8%
Bill Bridges
17.8%
Bill Bridges
17.8%
Terry Dischinger
16.9%
Don Kojis
16.5%
Don Kojis
16.5%
Zelmo Beaty
15.7%
Rudy LaRusso
14.9%
Rudy LaRusso
14.9%
Rudy LaRusso
14.9%
Bob Kauffman
14.5%
Bob Kauffman
14.5%
Walt Hazzard
14.5%
Don Ohl
13.2%
Don Ohl
13.2%
Don Ohl
13.2%
Joe Caldwell
12.4%
Joe Caldwell
12.4%
Clyde Lee
11.6%
Wayne Embry
9.9%
Larry Costello
9.9%
Darrall Imhoff
9.1%
Butch Beard
7.9%
Zelmo Beatty
7%
Eddie Miles
6.6%
Quiz Playlist
Details
Report
Send in Message
Add To Playlist
More Info:
GAME DAY rosters of players who dressed. Includes replacement players. Injured players who did not play are NOT included.
Classic:
Type in answers that appear in a list
Quiz Source
Last Updated: Feb 16, 2017
Quiz Scoreboard
CHALLENGE
Sign Up to Join the Scoreboard
Show All
Scores
Hide
Comments
May contain spoilers
Recently Published
Street Fighter Characters
by Artimus82
Gaming
60s
9x9 Crossword: Cartoon Network
by jackfrog10
Miscellaneous
3m
College Basketball Coaching Resumes
by pancakes188
Sports
9m
More to Explore
Quiz From the Vault
Featured Blog Post
Where Did the Easter Bunny Come From?
hide this ad
You Might Also Like...
Tags
Basketball Quiz
NBA Quiz
All-Star
full
NBA All-Star
Roster
team
Today's Top Quizzes in Sports
Browse Sports
hide this ad
Today's Top Quizzes in Basketball
Browse Basketball
Top Contributed Quizzes in Sports
1
2022 World Cup Stars
2
Les meilleurs buteurs des matchs entre le PSG et l’OM
3
FIFA Club World Cup Champions
4
Les entraîneurs de l'OM et du PSG au 21e siècle
5
Criteria MLB: Left Handed Sluggers
6
2023 MLB Unique Player Accomplishments
7
AFC Teams Reveal (Wrong Answers Minefield)
8
5-to-1: FBS Animal Nicknames
9
Players with Multiple 50 Home Run Seasons
10
5-to-1: UK Sports Teams
Explore More
Trending Topics
Anime
Crossword
NBA
Harry Potter
Kpop
Disney
Marvel
Country
Puzzle
Soccer
The Office
WWE
Pokémon
Song
NFL
hide this ad
More By:
ambient2010
Quiz
Plays
Rating
Category
Featured
Created
100 Pop Hits of the 70s (Part 1 - 1970-74) Music Clips
3,848
4.50
Music
Apr 13, 2011
100 Pop Hits of the 70s (Part 2 - 1975-79) Music Clips
3,183
4.40
Music
Apr 18, 2011
Billboard #1 Songs 2008-10 by 6-sec Clip
2,367
4.46
Music
Jul 6, 2010
Mafia in America Trivia
2,165
4.20
History
Mar 22, 2010
Disco Songs of the 70's (Music Clips)
1,991
4.35
Music
Aug 9, 2010
Go to Creator's Profile
Score Distribution
Quiz Creator Spotlight
ambient2010
Follow
Send a Message
Quizzes Created
-
Created Quiz Play Count
-
More By This Creator
Popular Quizzes Today
1
Find the US States - No Outlines Minefield
2
Find the Countries of Europe - No Outlines Minefield
3
The Countries of the World
4
Find the US States
5
Risky Map Clicking: Biggest States A-Z
6
US States
7
Popular People in 1961
8
Movies - When Are They Set?
More Sports Quizzes
Every NBA Team's Last Player to Get a 6MOTY Vote
Quiz Lab
Trending Quizzes
Risky Map Clicking: Least Populous States A-Z
Countries of the World: 200 Million BC
Billboard Blitz: Aretha Franklin
1-10 Letter G Words
Famous Russians: Author or Composer?
Recently Updated
Leaping Animals
pecheneg
Reality TV Shows (A-Z)
bhenderson79
Rickey Henderson's Hall of Fame Teammates
pecheneg
Champions League XIs: Arsenal
pecheneg
Quick Pick: Celebrities in WWE's Hall of Fame
aduchscher
A-Z Keypad Blitz II
pecheneg
Multiple Oscar Actors
pecheneg
Mystery Phrase Blitz: Oscar 'Best Actors'
pecheneg
F. Scott Fitzgerald Novels
LTH
Pick 3 Villains
ddd62291
Trending Topics
Marvel
Kpop
NBA
Anime
Crossword
Disney
Harry Potter
Soccer
NFL
Puzzle
Country
Pokémon
Song
The Office
WWE
Your Account Isn't Verified!
In order to create a playlist on Sporcle, you need to verify the email address you used during registration. Go to your
Sporcle Settings
to finish the process.
Report this User
Report this user for behavior that violates our
Community Guidelines
.
Details:
Send Report
Go to the Sporcle.com Mobile Site →
Comments